00346nam a2200145 a 45000010005000000030009000050080041000140400028000550820015000831000018000982450012001162600032001283000010001606500030001706829CO-ViMGA141112s2004 ck r 000 u spa d aCO-ViMGAbspacCO-ViMGA04a928.2 C4331 aCheever, John10aDiarios aBarcelona : bEmece, c1993 a413 p14aCHEEVER, JOHN 1912 - 1982